000 02525nmm a2200301 a 4500
003 CO-CtgCURN
005 20250531162123.0
008 250531s9999 xx f 000 0 und d
040 _aCO-CtgCURN
_bspa
_ccoctgcurn
082 _aDER 2025
_bA185c
100 _aAcosta de León, Guillermo José
_eautor
245 0 _aEl conflicto armado interno en Colombia en el impacto en la educación en el departamento de Cauca, Colombia durante los últimos 20 años /
_h[electronic resource] /
_cGuillermo José Acosta de León; Miguel Antonio Gallardo Gonzalez; Stefany Bryseth Yacub Alvarez; asesor., Helmer David Agualimpia Romero
260 _aBarranquilla, Atlántico :
_bCorporación Universitaria Rafael Núñez,
_c2025
300 _a1 recurso en línea (40 páginas (PDF))
502 _aTrabajo de Grado (Abogado). Corporación Universitaria Rafael Nuñez. Facultad de Ciencias Sociales y Humanas. Programa de Derecho, 2025
504 _aIncluye referencias bibliográficas
520 _aEl conflicto armado ha tenido un impacto devastador en la educación en el departamento del Cauca, afectando la calidad de la educación, provocando deserción escolar y generando un entorno de inseguridad y miedo que limita el acceso a la educación de calidad. La infraestructura educativa ha sido dañada o destruida, y muchos docentes y estudiantes han sido desplazados o han abandonado sus estudios debido a la violencia. La situación es aún más grave si se considera que la educación es clave para el desarrollo y la construcción de paz en la región. La educación puede ser una herramienta poderosa para promover la reconciliación, la tolerancia y la comprensión, y para construir una sociedad más justa y equitativa. Sin embargo, en el departamento del Cauca, la educación ha sido afectada gravemente por el conflicto armado, lo que ha limitado su potencial para promover el desarrollo y la paz.
521 _aAREA PROFESIONAL
590 _aPrograma de Derecho_18
650 _aConflicto armado
650 _aDerecho
_vTesis y disertaciones académicas
700 _aAgualimpia Romero, Helmer David
_easesor
700 _aGallardo Gonzalez, Miguel Antonio
_eautor
700 _aYacub Alvarez, Stefany Bryseth
_eautora
856 _yConsulte aquí el texto completo
_uhttps://unicurn.sharepoint.com/:b:/s/biblioteca/EdoHJ_UKM6FJgPlKrIkXassBX9p7urfxd3IK9B4ItRreng?e=0T5uej
942 _cTG
_hDER 2025
_iA185c
_2ddc
_n0
999 _c48931
_d48931